000 00498nam a2200169Ia 4500
999 _c11734
_d11734
003 OSt
005 20201110103305.0
008 190216s9999||||xx |||||||||||||| ||und||
040 _coclc
082 _a823
_bNAG/A
100 _aNagpal, Veena
_96371
245 0 _aAdventure In Space And The Time Travellers /
_cVeena Nagpal
260 _bI B H Publishing Company,
_c1967.
_aBombay:
300 _a104p
650 _aEnglish General
942 _cBK
_2ddc
_h823
_iNAG/A
_k823
_mNAG/A